| 000 | 00653nam a22002537a 4500 | ||
|---|---|---|---|
| 005 | 20251003181700.0 | ||
| 008 | 151006b2011 xxu||||| |||| 00| 0 spa d | ||
| 020 | _a9977132167 | ||
| 041 | _aESP | ||
| 082 | _a351.722.36 C8374L4 | ||
| 100 | _aCosta Rica. Leyes, decretos, etc. | ||
| 245 | _aLey Orgánica de la Contraloría General de la República | ||
| 260 | _aCosta Rica | ||
| 260 | _bIJSA | ||
| 260 | _c2011 | ||
| 300 | _a80 páginas | ||
| 490 | _aSecretariado Ejecutivo | ||
| 650 | _aCOSTA RICA | ||
| 650 | _aLEY 7428 | ||
| 650 | _aCONTRALORIA GENERAL DE LA REPUBLICA | ||
| 650 | _aLEGISLACION | ||
| 942 |
_cBK _2ddc |
||
| 999 |
_c7247 _d7247 |
||